<?xml version="1.0" encoding="UTF-8"?>
<collection xmlns="http://www.loc.gov/MARC21/slim">
 <record>
  <leader>03789cam a2200505 c 4500</leader>
  <controlfield tag="001">1777476291</controlfield>
  <controlfield tag="003">DE-627</controlfield>
  <controlfield tag="005">20260402153733.0</controlfield>
  <controlfield tag="007">tu</controlfield>
  <controlfield tag="008">211116s2021    sp |||||      00| ||spa c</controlfield>
  <datafield tag="020" ind1=" " ind2=" ">
   <subfield code="a">9788466937382</subfield>
   <subfield code="q"> : (20.00 EUR)</subfield>
   <subfield code="9">978-84-669-3738-2</subfield>
  </datafield>
  <datafield tag="035" ind1=" " ind2=" ">
   <subfield code="a">(DE-627)1777476291</subfield>
  </datafield>
  <datafield tag="035" ind1=" " ind2=" ">
   <subfield code="a">(DE-599)KXP1777476291</subfield>
  </datafield>
  <datafield tag="035" ind1=" " ind2=" ">
   <subfield code="a">(OCoLC)1285673556</subfield>
  </datafield>
  <datafield tag="035" ind1=" " ind2=" ">
   <subfield code="a">(ZDB-21-EIL)5051674</subfield>
  </datafield>
  <datafield tag="040" ind1=" " ind2=" ">
   <subfield code="a">DE-627</subfield>
   <subfield code="b">ger</subfield>
   <subfield code="c">DE-627</subfield>
   <subfield code="e">rda</subfield>
  </datafield>
  <datafield tag="041" ind1=" " ind2=" ">
   <subfield code="a">spa</subfield>
  </datafield>
  <datafield tag="044" ind1=" " ind2=" ">
   <subfield code="c">XA-ES</subfield>
  </datafield>
  <datafield tag="050" ind1=" " ind2="0">
   <subfield code="a">PN</subfield>
  </datafield>
  <datafield tag="082" ind1="0" ind2=" ">
   <subfield code="a">791</subfield>
  </datafield>
  <datafield tag="084" ind1=" " ind2=" ">
   <subfield code="a">IP 16900</subfield>
   <subfield code="2">rvk</subfield>
   <subfield code="0">(DE-625)rvk/62525:</subfield>
  </datafield>
  <datafield tag="084" ind1=" " ind2=" ">
   <subfield code="a">IP 2387</subfield>
   <subfield code="2">rvk</subfield>
   <subfield code="0">(DE-625)rvk/61952:</subfield>
  </datafield>
  <datafield tag="084" ind1=" " ind2=" ">
   <subfield code="a">AP 59437</subfield>
   <subfield code="2">rvk</subfield>
   <subfield code="0">(DE-625)rvk/7791:696</subfield>
  </datafield>
  <datafield tag="245" ind1="0" ind2="0">
   <subfield code="a">Resistencias y disidencias en el cine español</subfield>
   <subfield code="b">el compromiso con la realidad</subfield>
   <subfield code="c">Ernesto Pérez Morán, José Luis Sánchez Noriega (eds.)</subfield>
  </datafield>
  <datafield tag="250" ind1=" " ind2=" ">
   <subfield code="a">Primera edición</subfield>
  </datafield>
  <datafield tag="264" ind1=" " ind2="1">
   <subfield code="a">Madrid</subfield>
   <subfield code="b">Ediciones Complutense</subfield>
   <subfield code="c">octubre 2021</subfield>
  </datafield>
  <datafield tag="300" ind1=" " ind2=" ">
   <subfield code="a">234 Seiten</subfield>
   <subfield code="b">Illustrationen</subfield>
   <subfield code="c">24 cm</subfield>
  </datafield>
  <datafield tag="336" ind1=" " ind2=" ">
   <subfield code="a">Text</subfield>
   <subfield code="b">txt</subfield>
   <subfield code="2">rdacontent</subfield>
  </datafield>
  <datafield tag="337" ind1=" " ind2=" ">
   <subfield code="a">ohne Hilfsmittel zu benutzen</subfield>
   <subfield code="b">n</subfield>
   <subfield code="2">rdamedia</subfield>
  </datafield>
  <datafield tag="338" ind1=" " ind2=" ">
   <subfield code="a">Band</subfield>
   <subfield code="b">nc</subfield>
   <subfield code="2">rdacarrier</subfield>
  </datafield>
  <datafield tag="490" ind1="0" ind2=" ">
   <subfield code="a">Investigación</subfield>
  </datafield>
  <datafield tag="500" ind1=" " ind2=" ">
   <subfield code="a">Collected essays</subfield>
  </datafield>
  <datafield tag="520" ind1=" " ind2=" ">
   <subfield code="a">Este libro trata precisamente de ese ‘otro’ cine -llámese militante, social o político-, que muestra realidades no siempre cómodas. Así, conflictos laborales, deficiencias del mercado de trabajo, crisis económica, representaciones de los más vulnerables (mujeres, niños o ancianos) o denuncias medioambientales, son algunos temas abordados por este volumen centrado en el cine español del siglo XXI. Especialistas de universidades de distintos países aportan perspectivas con la polifonía como rasgo principal, en busca del debate, la reflexión complementaria y la pluralidad de enfoques. Porque el cine comprometido con la realidad es, hoy, más necesario que nunca.</subfield>
  </datafield>
  <datafield tag="700" ind1="1" ind2=" ">
   <subfield code="a">Sánchez Noriega, José Luis</subfield>
   <subfield code="d">1957-</subfield>
   <subfield code="e">HerausgeberIn</subfield>
   <subfield code="0">(DE-588)133338444</subfield>
   <subfield code="0">(DE-627)541647350</subfield>
   <subfield code="0">(DE-576)299781747</subfield>
   <subfield code="4">edt</subfield>
  </datafield>
  <datafield tag="700" ind1="1" ind2=" ">
   <subfield code="a">Pérez Morán, Ernesto</subfield>
   <subfield code="d">1977-</subfield>
   <subfield code="e">HerausgeberIn</subfield>
   <subfield code="0">(DE-588)1269629158</subfield>
   <subfield code="0">(DE-627)1818140705</subfield>
   <subfield code="4">edt</subfield>
  </datafield>
  <datafield tag="787" ind1="0" ind2="8">
   <subfield code="i">Rezensiert in</subfield>
   <subfield code="a">Bravo, Irene Raya</subfield>
   <subfield code="t">[Rezension von: Ernesto Pérez Morán, José Luis Sánchez Noriega (Hrsg), Resistencias y disidencias en el cine español]</subfield>
   <subfield code="d">2022</subfield>
   <subfield code="w">(DE-627)1926033736</subfield>
  </datafield>
  <datafield tag="856" ind1="4" ind2="2">
   <subfield code="u">https://www.gbv.de/dms/spk/iai/cov/1777476291.jpg</subfield>
   <subfield code="m">V:DE-601</subfield>
   <subfield code="m">B:DE-204</subfield>
   <subfield code="q">image/jpeg</subfield>
   <subfield code="v">2022-06-30</subfield>
   <subfield code="3">Cover</subfield>
   <subfield code="7">1</subfield>
  </datafield>
  <datafield tag="856" ind1="4" ind2="2">
   <subfield code="u">https://www.ucm.es/ediciones-complutense/file/resistencias-y-disidencias-en-el-cine-espanol?ver=n</subfield>
   <subfield code="x">Verlag</subfield>
   <subfield code="3">Cover</subfield>
   <subfield code="7">1</subfield>
  </datafield>
  <datafield tag="856" ind1="4" ind2="2">
   <subfield code="u">https://www.gbv.de/dms/spk/iai/toc/1777476291.pdf</subfield>
   <subfield code="m">V:DE-601</subfield>
   <subfield code="m">B:DE-204</subfield>
   <subfield code="q">pdf/application</subfield>
   <subfield code="v">2024-11-28</subfield>
   <subfield code="3">Inhaltsverzeichnis</subfield>
   <subfield code="7">1</subfield>
  </datafield>
  <datafield tag="936" ind1="r" ind2="v">
   <subfield code="a">IP 16900</subfield>
   <subfield code="b">Spielfilm</subfield>
   <subfield code="k">Romanistik</subfield>
   <subfield code="k">Spanische Literatur im 16. - 21. Jahrhundert</subfield>
   <subfield code="k">Spanische Literatur im 20. und 21. Jahrhundert</subfield>
   <subfield code="k">Spanische Literatur im 21. Jahrhundert</subfield>
   <subfield code="k">Literaturgeschichte</subfield>
   <subfield code="k">Gattungs- und Formengeschichte</subfield>
   <subfield code="k">Dramatik</subfield>
   <subfield code="k">Spielfilm</subfield>
   <subfield code="0">(DE-627)1398667668</subfield>
   <subfield code="0">(DE-625)rvk/62525:</subfield>
   <subfield code="0">(DE-576)328667668</subfield>
  </datafield>
  <datafield tag="936" ind1="r" ind2="v">
   <subfield code="a">IP 2387</subfield>
   <subfield code="b">Drehbuch, Film, Fernsehspiel</subfield>
   <subfield code="k">Romanistik</subfield>
   <subfield code="k">Spanische Literatur im 16. - 21. Jahrhundert</subfield>
   <subfield code="k">Spanische Literatur im 20. und 21. Jahrhundert</subfield>
   <subfield code="k">Spanische Literatur im 20. Jahrhundert</subfield>
   <subfield code="k">Literaturgeschichte</subfield>
   <subfield code="k">Einzelne Gattungen</subfield>
   <subfield code="k">Dramatik</subfield>
   <subfield code="k">Drehbuch, Film, Fernsehspiel</subfield>
   <subfield code="0">(DE-627)1271241404</subfield>
   <subfield code="0">(DE-625)rvk/61952:</subfield>
   <subfield code="0">(DE-576)201241404</subfield>
  </datafield>
  <datafield tag="936" ind1="r" ind2="v">
   <subfield code="a">AP 59437</subfield>
   <subfield code="b">Spanien, Spanisches Sprachgebiet</subfield>
   <subfield code="k">Allgemeines</subfield>
   <subfield code="k">Medien- und Kommunikationswissenschaften, Medienkulturwissenschaft, Kommunikationsdesign</subfield>
   <subfield code="k">Film</subfield>
   <subfield code="k">Film in einzelnen Ländern</subfield>
   <subfield code="k">Spielfilm</subfield>
   <subfield code="k">Europa</subfield>
   <subfield code="k">Südeuropa</subfield>
   <subfield code="k">Iberische Halbinsel</subfield>
   <subfield code="k">Spanien, Spanisches Sprachgebiet</subfield>
   <subfield code="0">(DE-627)1272481964</subfield>
   <subfield code="0">(DE-625)rvk/7791:696</subfield>
   <subfield code="0">(DE-576)202481964</subfield>
  </datafield>
  <datafield tag="951" ind1=" " ind2=" ">
   <subfield code="a">BO</subfield>
  </datafield>
  <datafield tag="991" ind1=" " ind2=" ">
   <subfield code="a">Rezensiertes Werk</subfield>
  </datafield>
  <datafield tag="999" ind1=" " ind2=" ">
   <subfield code="a">KXP-PPN1777476291</subfield>
   <subfield code="e">4933907749</subfield>
  </datafield>
 </record>
</collection>
